Szczegóły MARC21

Strategic management of innovation and design /

005 -DATA I CZAS OSTATNIEJ MODYFIKACJI [,]
    • @
    • pole kontrolne
    • 20150223115824.0
020 -Międzynarod. znormalizowany nr książki - ISBN [ , ]
    • a
    • Numer ISBN
    • 9780521768771 Find
020 -Międzynarod. znormalizowany nr książki - ISBN [ , ]
    • a
    • Numer ISBN
    • 9780521182430 Find
040 -Instytucja sporządzająca opis [ , ]
    • a
    • Instytucja, która sporządziła opis (NP)
    • SZCZ U/JG
    • c
    • Instytucja, która sporządziła rekord (NP)
    • SZCZ U/JG
    • d
    • Instytucja, która zmodyfikowała rekord (P)
    • SZCZ U/RJ
041 -Język dokumentu [1, ]
    • a
    • Język tekstu (P)
    • angielski
    • h
    • Język tekstu oryginalnego i/lub pośredniego (P)
    • francuski
044 -Kraj miejsca wydania [ , ]
    • a
    • Kraj miejsca wydania
    • USA
942 -Rodzaj dokumentu [ , ]
    • c
    • Rodzaj dokumentu
    • Książka
100 -Hasło główne - nazwa osobowa [1, ]
    • 9
    • KHW
    • 79892
    • a
    • Nazwa osobowa (NP)
    • Le Masson, Pascal.
245 -Strefa tytułu i oznaczenia odpowiedzialności [1,0]
    • a
    • Tytuł
    • Strategic management of innovation and design / Find
    • c
    • Pozostałe elementy strefy tytułu i oznaczenia odpowiedzialności (NP)
    • Pascal Le Masson, Benoit Weil, Armand Hatchuel ; foreword by Paul Rivier and Marc Maurer ; afterword by Jacques Lacambre and Dominique Levent ; translated from "Les processus d’innovation" by Alison Bissery and adapted by the authors.
246 -Wariant tytułu [1, ]
    • i
    • Tekst wyświetlany na ekranie monitora (NP)
    • Tyt. oryg.:
    • a
    • Tytuł (NP)
    • Les processus d’innovation
250 -Strefa wydania [ , ]
    • a
    • Oznaczenie wydania (NP)
    • Reprinted.
260 -Strefa adresu wydawniczego [ , ]
    • a
    • Miejsce wydania (P)
    • Cambridge :
    • b
    • Nazwa wydawcy (P)
    • Cambridge University Press,
    • c
    • Data wydania (P)
    • 2012.
300 -Strefa opisu fizycznego [ , ]
    • a
    • Określenie formy książki i/lub objętość (NP)
    • XXXIV, 450 s. :
    • b
    • Oznaczenie ilustracji (NP)
    • il. ;
    • c
    • Format (NP)
    • 25 cm.
504 -Uwaga dot. bibliogr. załącznikowej [ , ]
    • a
    • Uwaga dot. bibliografii załącznikowej
    • Bibliogr. s. 413-437. Indeks.
546 -Uwaga dot. języka [ , ]
    • a
    • Uwaga dot. języka
    • Tł. z jęz. fr.
080 -Uniwersalna Klasyfikacja Dziesiętna [ , ]
    • 2
    • Identyfikator wydania tablic
    • UDC-P058
    • 9
    • UKD
    • 5602
    • a
    • Symbol klasyfikacji
    • 658.1/.5:005.2
    • b
    • Dopowiedzenie
    • Zarządzanie strategiczne przedsiębiorstwa.
    • 4
    • UKD2
    • 7644
    • x
    • Poddział wspólny
    • =111
    • c
    • Dopowiedzenie poddz. wspólnego
    • =Język angielski.
080 -Uniwersalna Klasyfikacja Dziesiętna [ , ]
    • 2
    • Identyfikator wydania tablic
    • UDC-P058
    • 9
    • UKD
    • 2178
    • a
    • Symbol klasyfikacji
    • 005.342
    • b
    • Dopowiedzenie
    • Zarządzanie. Zarządzanie innowacyjne. Przedsiębiorczość.
    • 4
    • UKD2
    • 7644
    • x
    • Poddział wspólny
    • =111
    • c
    • Dopowiedzenie poddz. wspólnego
    • =Język angielski.
080 -Uniwersalna Klasyfikacja Dziesiętna [ , ]
    • 2
    • Identyfikator wydania tablic
    • UDC-P058
    • 9
    • UKD
    • 5973
    • a
    • Symbol klasyfikacji
    • 7.05
    • b
    • Dopowiedzenie
    • Zastosowanie sztuki w przemyśle i życiu codziennym. Wzornictwo przemysłowe.
    • 4
    • UKD2
    • 7644
    • x
    • Poddział wspólny
    • =111
    • c
    • Dopowiedzenie poddz. wspólnego
    • =Język angielski.
980 -Symbol UKD [ , ]
    • a
    • UKD
    • 658.1/.5:005.2:005.342:7.05]=111
700 -Hasło dodatkowe - nazwa osobowa [1, ]
    • 9
    • KHW
    • 79893
    • a
    • Nazwa osobowa (NP)
    • Weil, Benoît. Find
700 -Hasło dodatkowe - nazwa osobowa [1, ]
    • 9
    • KHW
    • 79894
    • a
    • Nazwa osobowa (NP)
    • Hatchuel, Armand. Find
700 -Hasło dodatkowe - nazwa osobowa [1, ]
    • 9
    • KHW
    • 79896
    • a
    • Nazwa osobowa (NP)
    • Rivier, Paul. Find
    • e
    • Określenie rodzaju współpracy
    • Przedm.
700 -Hasło dodatkowe - nazwa osobowa [1, ]
    • 9
    • KHW
    • 79897
    • a
    • Nazwa osobowa (NP)
    • Mauer, Marc. Find
    • e
    • Określenie rodzaju współpracy
    • Przedm.
700 -Hasło dodatkowe - nazwa osobowa [1, ]
    • 9
    • KHW
    • 79898
    • a
    • Nazwa osobowa (NP)
    • Lacambre, Jacques. Find
    • e
    • Określenie rodzaju współpracy
    • Posł.
700 -Hasło dodatkowe - nazwa osobowa [1, ]
    • 9
    • KHW
    • 79899
    • a
    • Nazwa osobowa (NP)
    • Levent, Dominique. Find
    • e
    • Określenie rodzaju współpracy
    • Posł.
700 -Hasło dodatkowe - nazwa osobowa [1, ]
    • 9
    • KHW
    • 79903
    • a
    • Nazwa osobowa (NP)
    • Bissery, Alison. Find
    • e
    • Określenie rodzaju współpracy
    • Tł.
710 -Hasło dodatkowe - nazwa ciała zbiorowego [2, ]
    • 4
    • Kod relacji
    • pbl.
    • 9
    • KHW
    • 615085
    • a
    • Nazwa ciała zbiorowego lub nazwa geograficzna jako pierwszy element (NP)
    • Cambridge University Press.
920 -ISBN [ , ]
    • a
    • ISBN
    • 978-0-521-76877-1 Hardback Find
920 -ISBN [ , ]
    • a
    • ISBN
    • 978-0-521-18243-0 Paperback Find
Status udost. Numer inwentarzowy Sygnatura Data inwentaryzacji Lokalizacja
-2T.16767T.167672014-05-08T